[Event "ch-Frankfurt A"]
[Site "Frankfurt"]
[Date "2023.04.24"]
[Round "1"]
[White "Adair, Robin"]
[Black "Klikic, Drazen"]
[Result "1-0"]
[WhiteElo "2022"]
[BlackElo "1499"]
[PlyCount "49"]
[EventDate "2023.04.24"]
[EventType "swiss"]
[EventCountry "GER"]

1. c4 Nf6 2. Nc3 e6 3. g3 d5 4. d4 dxc4 5. Bg2 a6 6. Qa4+ Bd7 7. Qxc4 Bc6 8. e4 Nbd7 9. d5 Nb6 10. Qe2 Bd7 11. Bg5 Be7 12. Bxf6 Bxf6 13. e5 Be7 14. dxe6 fxe6 15. Bxb7 O-O 16. Rd1 Ra7 17. Be4 Qc8 18. Nf3 Bc6 19. O-O Bb4 20. Ng5 Bxc3 21. Bxh7+ Kh8 22. bxc3 Bb5 23. Bd3 Nd5 24. c4 Nc3 25. Qg4 1-0

[Event "ch-Frankfurt A"]
[Site "Frankfurt"]
[Date "2023.04.24"]
[Round "1"]
[White "Belin, Anton"]
[Black "Engel, Manfred"]
[Result "1/2-1/2"]
[WhiteElo "1662"]
[BlackElo "2234"]
[PlyCount "101"]
[EventDate "2023.04.24"]
[EventType "swiss"]
[EventCountry "GER"]

1. e4 c5 2. Nc3 Nc6 3. Bb5 g6 4. Nf3 Bg7 5. d3 e5 6. O-O Nge7 7. Re1 O-O 8. Be3 Nd4 9. Bc4 d6 10. h3 a6 11. a4 Be6 12. Bxe6 fxe6 13. Bxd4 exd4 14. Ne2 Nc6 15. Ng3 Qf6 16. Qd2 Ne5 17. Nxe5 Qxe5 18. Rf1 Qf4 19. Qxf4 Rxf4 20. Ne2 Rf7 21. f4 Raf8 22. Rf3 h5 23. Raf1 Bh6 24. g4 hxg4 25. hxg4 b5 26. axb5 axb5 27. Kg2 Ra8 28. c3 Ra2 29. cxd4 Rxb2 30. R1f2 Ra7 31. e5 dxe5 32. fxe5 Raa2 33. g5 Bg7 34. Re3 cxd4 35. Re4 b4 36. Kf3 b3 37. Rxd4 Ra8 38. Rb4 Bxe5 39. d4 Rf8+ 40. Kg2 Rxf2+ 41. Kxf2 Bf4 42. d5 Bxg5 43. dxe6 Be7 44. Rb7 Kf8 45. Kf3 Bc5 46. Nf4 Rf2+ 47. Kg3 b2 48. Nxg6+ Kg8 49. e7 Re2 50. e8=Q+ Rxe8 51. Rxb2 1/2-1/2

[Event "ch-Frankfurt A"]
[Site "Frankfurt"]
[Date "2023.04.24"]
[Round "1"]
[White "Bonnaire, Ulrich"]
[Black "Sasikumar Anitha, Sarvesh"]
[Result "1-0"]
[WhiteElo "2135"]
[BlackElo "1424"]
[PlyCount "95"]
[EventDate "2023.04.24"]
[EventType "swiss"]
[EventCountry "GER"]

1. e4 e6 2. d4 d5 3. e5 c5 4. c3 Nc6 5. Nf3 Qb6 6. a3 c4 7. Nbd2 Na5 8. Rb1 Bd7 9. b4 cxb3 10. c4 dxc4 11. Nxc4 Nxc4 12. Bxc4 Bxa3 13. Bxa3 Qa5+ 14. Nd2 Qxa3 15. O-O b2 16. Ne4 Bc6 17. Nd6+ Kf8 18. Qd2 Ne7 19. Qf4 Be8 20. Qd2 Nf5 21. Nxf5 exf5 22. Rxb2 Bc6 23. d5 Rd8 24. Qg5 Re8 25. Rfb1 Bd7 26. Rxb7 Bc8 27. Rc7 h6 28. Qf4 g5 29. Qd4 Qa4 30. Rxa7 Qc2 31. Re1 f4 32. e6 Rh7 33. Qf6 Qg6 34. Qxg6 fxg6 35. Rxh7 Kg8 36. Rc7 h5 37. f3 g4 38. d6 Kh8 39. d7 Bxd7 40. Rxd7 gxf3 41. e7 Kg7 42. Rd8 Rxe7 43. Rxe7+ Kf6 44. Re6+ Kg5 45. Rd5+ Kh6 46. Bd3 fxg2 47. Rxg6+ Kh7 48. Rxh5# 1-0

[Event "ch-Frankfurt A"]
[Site "Frankfurt"]
[Date "2023.04.24"]
[Round "1"]
[White "Boscher, Hans"]
[Black "Martin, Reiner"]
[Result "0-1"]
[WhiteElo "1648"]
[BlackElo "1981"]
[PlyCount "50"]
[EventDate "2023.04.24"]
[EventType "swiss"]
[EventCountry "GER"]

1. e4 c5 2. d3 e6 3. f4 Nc6 4. Nf3 a6 5. Be2 b5 6. O-O Bb7 7. c3 d6 8. Be3 Nf6 9. Nbd2 Ng4 10. Bf2 Be7 11. Qe1 O-O 12. Bd1 Nxf2 13. Qxf2 b4 14. Bc2 bxc3 15. bxc3 Qa5 16. Nc4 Qxc3 17. a3 Rab8 18. Qd2 Qf6 19. e5 dxe5 20. Nfxe5 Rfd8 21. Nxc6 Bxc6 22. Ne5 Ba8 23. Ba4 c4 24. d4 Bc5 25. Kh1 Bxd4 0-1

[Event "ch-Frankfurt A"]
[Site "Frankfurt"]
[Date "2023.04.24"]
[Round "1"]
[White "Brauch, Manfred"]
[Black "Waffenschmidt, Joachim"]
[Result "0-1"]
[WhiteElo "1777"]
[BlackElo "1997"]
[PlyCount "116"]
[EventDate "2023.04.24"]
[EventType "swiss"]
[EventCountry "GER"]

1. d4 d5 2. Nf3 Nf6 3. e3 e6 4. c3 c5 5. Bd3 Nc6 6. Nbd2 Be7 7. O-O O-O 8. Re1 Qc7 9. h3 a6 10. a4 Rd8 11. b3 e5 12. dxe5 Nxe5 13. Nxe5 Qxe5 14. Bb2 Be6 15. Nf3 Qh5 16. Nd2 Qe5 17. Bc2 b5 18. Nf3 Qc7 19. Qe2 Ne4 20. axb5 axb5 21. Nd2 Nxd2 22. Qxd2 Bf6 23. Rxa8 Rxa8 24. Ra1 Rxa1+ 25. Bxa1 Qa5 26. Bb2 Qa2 27. Bd1 b4 28. Qc1 g6 29. Qc2 Bf5 30. Qd2 Qb1 31. Kh2 bxc3 32. Bxc3 Bxc3 33. Qxd5 Qd3 34. Qxc5 Bf6 35. Bg4 Bxg4 36. hxg4 Qxb3 37. g5 Qb8+ 38. g3 Be5 39. Qd5 Qe8 40. e4 Bg7 41. f4 Qe6 42. Qd8+ Bf8 43. e5 Qg4 44. Qf6 Qd7 45. Qb6 Qd2+ 46. Kh3 Qd5 47. Qb1 h6 48. gxh6 Bxh6 49. Kh2 Bf8 50. Qc2 Kh7 51. Qe2 Bc5 52. g4 Qd4 53. Kg3 Qg1+ 54. Kf3 Qh1+ 55. Kg3 Bb4 56. f5 g5 57. Qh2+ Qxh2+ 58. Kxh2 Bc3 0-1

[Event "ch-Frankfurt A"]
[Site "Frankfurt"]
[Date "2023.04.24"]
[Round "1"]
[White "Calvi, Stefan"]
[Black "Rauscher, Joachim"]
[Result "1-0"]
[WhiteElo "1947"]
[BlackElo "1750"]
[PlyCount "107"]
[EventDate "2023.04.24"]
[EventType "swiss"]
[EventCountry "GER"]

1. e4 c5 2. c3 d5 3. exd5 Qxd5 4. d4 e6 5. Nf3 Nf6 6. Be2 Be7 7. Na3 Qd8 8. Bf4 a6 9. dxc5 Nd5 10. Bd6 Bxd6 11. cxd6 Qxd6 12. O-O Qc7 13. Re1 O-O 14. Qb3 Nd7 15. c4 Nf4 16. Bf1 b6 17. g3 Ng6 18. Rad1 Bb7 19. Bg2 Rad8 20. h4 Nc5 21. Qe3 Ne7 22. Nc2 Nf5 23. Qe2 Ba8 24. Ncd4 Nxd4 25. Nxd4 Bxg2 26. Kxg2 h6 27. b4 Nb7 28. Nb3 Rxd1 29. Rxd1 Rc8 30. Rc1 Qd6 31. Qd2 Qxd2 32. Nxd2 Rd8 33. Nb3 Kf8 34. Kf3 Ke7 35. Ke3 Rc8 36. g4 e5 37. h5 a5 38. a3 a4 39. Nd2 Nd6 40. Kd3 Ke6 41. Ne4 Nb7 42. Nc3 Rd8+ 43. Ke3 Rd4 44. Nxa4 Rxg4 45. Nxb6 f5 46. c5 Re4+ 47. Kf3 Rf4+ 48. Ke2 Re4+ 49. Kf1 Rh4 50. Rc3 f4 51. c6 Nd6 52. c7 e4 53. Rc6 f3 54. Ke1 1-0

[Event "ch-Frankfurt A"]
[Site "Frankfurt"]
[Date "2023.04.24"]
[Round "1"]
[White "Casagrande, Thomas"]
[Black "Leitzig, Reamonn Franky James"]
[Result "1/2-1/2"]
[WhiteElo "2015"]
[BlackElo "1468"]
[PlyCount "142"]
[EventDate "2023.04.24"]
[EventType "swiss"]
[EventCountry "GER"]

1. e4 c5 2. Nf3 d6 3. d4 cxd4 4. Nxd4 Nf6 5. Nc3 a6 6. Be2 e5 7. Nb3 Be7 8. a4 Qc7 9. a5 Be6 10. Be3 Nbd7 11. O-O Rc8 12. f3 O-O 13. Qd2 Rfd8 14. Rfc1 Qc6 15. f4 exf4 16. Bxf4 Ne5 17. Nd4 Qc5 18. Na4 Qc7 19. Nb6 Rb8 20. Bf3 Nc4 21. Nxc4 Qxc4 22. b3 Qc8 23. h3 Nd7 24. c4 Ne5 25. Be2 Qd7 26. Rd1 Rbc8 27. Qe3 f6 28. Kh1 Bf7 29. Qg3 Qe8 30. Rd2 Bf8 31. Rad1 Kh8 32. Nf5 Qc6 33. Bf3 Qc7 34. Rxd6 Rxd6 35. Rxd6 Qxa5 36. Bxe5 fxe5 37. Rd7 Bg6 38. Rxb7 Bxf5 39. exf5 Rd8 40. Bd5 Qa1+ 41. Kh2 e4 42. Rb8 Qf6 43. Rxd8 Qxd8 44. Qe3 Qf6 45. Bxe4 Qe5+ 46. g3 Bc5 47. Qd3 Qb2+ 48. Bg2 Qd4 49. Qxd4 Bxd4 50. Bd5 g6 51. fxg6 hxg6 52. Kg2 Kg7 53. Kf3 Kf6 54. Ke4 Bc5 55. Bb7 a5 56. Kd5 Bf2 57. g4 Ke7 58. Kc6 Kd8 59. Kb5 Be1 60. Kb6 g5 61. c5 Bf2 62. Kb5 Kc7 63. Bd5 Be1 64. Kc4 Bf2 65. b4 axb4 66. Kxb4 Be1+ 67. Kb5 Bf2 68. Kc4 Be3 69. Bf3 Bf2 70. Kd5 Be3 71. c6 Bf2 1/2-1/2

[Event "ch-Frankfurt A"]
[Site "Frankfurt"]
[Date "2023.04.24"]
[Round "1"]
[White "Diehl, Felix"]
[Black "Tepedibi, Tayfun"]
[Result "1-0"]
[WhiteElo "1780"]
[BlackElo "1185"]
[PlyCount "99"]
[EventDate "2023.04.24"]
[EventType "swiss"]
[EventCountry "GER"]

1. e4 e5 2. Nf3 d6 3. d4 exd4 4. Nxd4 Nf6 5. Nc3 a6 6. Bg5 Be7 7. Qd2 h6 8. Bh4 c5 9. Nf3 Nc6 10. O-O-O Be6 11. Bg3 Qa5 12. a3 b5 13. Nd5 Qxd2+ 14. Nxd2 Bxd5 15. exd5 Nxd5 16. Ne4 Nf6 17. Nxd6+ Bxd6 18. Bxd6 c4 19. Be2 O-O-O 20. Bf3 Nb8 21. Rhe1 Rhe8 22. Bb4 Rxe1 23. Rxe1 Nfd7 24. Re7 Rf8 25. Bg4 f5 26. Bf3 g5 27. Bd5 Rh8 28. Be6 f4 29. Bc3 Rd8 30. Bg7 Nc6 31. Bxd7+ Rxd7 32. Rxd7 Kxd7 33. Bxh6 Nd4 34. Bxg5 Ke6 35. Kd2 Kf5 36. Be7 f3 37. g3 Kg4 38. h4 Kh3 39. Bc5 Ne6 40. Be3 a5 41. h5 Nf8 42. h6 Kg4 43. Kc3 Nh7 44. a4 Kf5 45. axb5 Ke5 46. Kxc4 Kd6 47. g4 Nf6 48. g5 Nd5 49. Bc5+ Ke6 50. h7 1-0

[Event "ch-Frankfurt A"]
[Site "Frankfurt"]
[Date "2023.04.24"]
[Round "1"]
[White "Dittenberger, Thomas"]
[Black "Ackermann, Robert"]
[Result "1-0"]
[WhiteElo "2010"]
[BlackElo "1687"]
[PlyCount "87"]
[EventDate "2023.04.24"]
[EventType "swiss"]
[EventCountry "GER"]

1. e4 d6 2. d4 g6 3. Nf3 Bg7 4. Nc3 Nf6 5. Be2 O-O 6. O-O Nbd7 7. h3 e5 8. Be3 c6 9. Qd2 Qc7 10. a4 a5 11. Rad1 b6 12. Rfe1 Ba6 13. Bxa6 Rxa6 14. Bg5 Raa8 15. Re2 Rac8 16. b3 Kh8 17. Qd3 h6 18. Bh4 g5 19. dxe5 Nxe5 20. Nxe5 dxe5 21. Bg3 Nh5 22. Red2 Nf4 23. Qc4 Qe7 24. Bxf4 exf4 25. Ne2 f3 26. gxf3 Qe6 27. Qxe6 fxe6 28. Kg2 Be5 29. Rd7 b5 30. Nd4 Rfe8 31. Rd2 bxa4 32. bxa4 h5 33. Nb3 Bf4 34. R2d3 c5 35. c4 Rb8 36. Ra7 Rb4 37. Nxc5 Rxc4 38. Nxe6 Rxa4 39. Rdd7 Be5 40. Nxg5 Ra2 41. Nf7+ Kg7 42. Nd6+ Kg6 43. Nxe8 h4 44. Ra6+ 1-0

[Event "ch-Frankfurt A"]
[Site "Frankfurt"]
[Date "2023.04.24"]
[Round "1"]
[White "Ghaznavi, Massoud"]
[Black "Ottenburg, Ralph"]
[Result "1-0"]
[WhiteElo "1563"]
[BlackElo "1936"]
[PlyCount "71"]
[EventDate "2023.04.24"]
[EventType "swiss"]
[EventCountry "GER"]

1. d4 Nf6 2. c4 g6 3. Nc3 Bg7 4. e3 O-O 5. Be2 d6 6. Nf3 Nbd7 7. O-O c5 8. d5 Nb6 9. Qc2 e6 10. e4 exd5 11. exd5 Bg4 12. Nd2 Re8 13. f3 Bf5 14. Bd3 Bxd3 15. Qxd3 Nh5 16. Nde4 Bd4+ 17. Kh1 f5 18. Ng5 f4 19. Nce4 Re5 20. g4 fxg3 21. hxg3 Qf8 22. Kg2 Ree8 23. Rh1 Qf5 24. Bd2 Nd7 25. Qb3 Ne5 26. Qxb7 Nd7 27. g4 Rab8 28. Qxb8 Qxe4 29. Nxe4 Rxb8 30. gxh5 Rxb2 31. Rab1 Rxa2 32. hxg6 hxg6 33. Kg3 Be5+ 34. Bf4 Bxf4+ 35. Kxf4 Ra3 36. Nxd6 1-0

[Event "ch-Frankfurt A"]
[Site "Frankfurt"]
[Date "2023.04.24"]
[Round "1"]
[White "Grinberg, Igor"]
[Black "von Wahden, Jens"]
[Result "0-1"]
[WhiteElo "1428"]
[BlackElo "1810"]
[PlyCount "82"]
[EventDate "2023.04.24"]
[EventType "swiss"]
[EventCountry "GER"]

1. d4 Nf6 2. Nf3 d5 3. Bf4 e6 4. e3 Bd6 5. Bxd6 cxd6 6. c3 Nc6 7. Nbd2 O-O 8. Be2 e5 9. dxe5 dxe5 10. O-O Bg4 11. h3 Bh5 12. Nb3 Rc8 13. Re1 Qe7 14. Nh4 Bxe2 15. Qxe2 g6 16. Nf3 e4 17. Nfd4 Ne5 18. Nc1 a6 19. Rd1 Rfd8 20. Qc2 Nfd7 21. Nde2 Nb6 22. Nf4 Qc5 23. Nb3 Qc7 24. Rd4 g5 25. Nh5 f5 26. Rad1 Qf7 27. Ng3 Rf8 28. Qe2 f4 29. exf4 gxf4 30. Nxe4 dxe4 31. Rxe4 Nc6 32. Qg4+ Kh8 33. Nc5 Rce8 34. Rde1 Rxe4 35. Rxe4 f3 36. g3 Qd5 37. Ne6 Rg8 38. Qf4 Nd7 39. Re1 Nce5 40. Qf5 Re8 41. Ng5 Re7 0-1

[Event "ch-Frankfurt A"]
[Site "Frankfurt"]
[Date "2023.04.24"]
[Round "1"]
[White "Hedrich, Gerd"]
[Black "Veenstra, Sander"]
[Result "0-1"]
[WhiteElo "1335"]
[BlackElo "1905"]
[PlyCount "90"]
[EventDate "2023.04.24"]
[EventType "swiss"]
[EventCountry "GER"]

1. Nf3 d5 2. d4 Nc6 3. c4 Nf6 4. Nc3 e6 5. Bg5 Be7 6. cxd5 Nxd5 7. Bxe7 Ncxe7 8. e4 Nf6 9. Bc4 O-O 10. O-O b6 11. Re1 Bb7 12. Qc2 Ng6 13. Rad1 Qe7 14. d5 e5 15. g3 Ne8 16. Bf1 Nd6 17. Bg2 h5 18. Rd3 Bc8 19. h3 f5 20. Nh2 f4 21. g4 Nh4 22. Bf3 Nxf3+ 23. Rxf3 Qg5 24. Qd3 hxg4 25. hxg4 Rf6 26. Rh3 Bxg4 27. Nxg4 Qxg4+ 28. Kf1 f3 29. Rg3 Qh5 30. Re3 Raf8 31. Ke1 g5 32. Kd2 g4 33. Re1 Qg5+ 34. Kc2 Rf4 35. b3 Qg6 36. a4 Kg7 37. Reg1 Kf6 38. Kd2 Rg8 39. Ke3 Qg5 40. Kd2 Nxe4+ 41. Nxe4+ Rxe4+ 42. Kc3 Rd4 43. Rxf3+ gxf3 44. Qxf3+ Rf4 45. Qxf4+ exf4 0-1

[Event "ch-Frankfurt A"]
[Site "Frankfurt"]
[Date "2023.04.24"]
[Round "1"]
[White "Hochmuth, Christian"]
[Black "Staeger, Tim"]
[Result "1-0"]
[WhiteElo "2002"]
[BlackElo "1615"]
[PlyCount "71"]
[EventDate "2023.04.24"]
[EventType "swiss"]
[EventCountry "GER"]

1. d4 d5 2. c4 e6 3. Nf3 Nf6 4. Nc3 a6 5. c5 b6 6. cxb6 cxb6 7. Bf4 Bd6 8. Bxd6 Qxd6 9. e3 O-O 10. Bd3 Nc6 11. Rc1 Bd7 12. O-O Rfc8 13. a3 Na5 14. Ne5 Nc4 15. Qe2 b5 16. Nxc4 bxc4 17. Bc2 Rab8 18. f4 g6 19. Rb1 Rb6 20. g4 Rcb8 21. g5 Nh5 22. Bd1 R8b7 23. Rf2 Qb8 24. Qd2 Ng7 25. h4 Nf5 26. Rh2 Kf8 27. h5 Ke7 28. Bf3 Bc6 29. Bg4 Nd6 30. hxg6 hxg6 31. Qc2 Rb3 32. Bd1 Nb5 33. Nxb5 R7xb5 34. Qc1 Rxa3 35. b4 Rxb4 36. Qxa3 1-0

[Event "ch-Frankfurt A"]
[Site "Frankfurt"]
[Date "2023.04.24"]
[Round "1"]
[White "Hofmann Weippert, Matthias"]
[Black "Schmieder, Stefan"]
[Result "0-1"]
[WhiteElo "1496"]
[BlackElo "1872"]
[PlyCount "74"]
[EventDate "2023.04.24"]
[EventType "swiss"]
[EventCountry "GER"]

1. d4 Nf6 2. c4 g6 3. Nc3 Bg7 4. Nf3 O-O 5. e3 d6 6. Be2 Nbd7 7. O-O e5 8. Qc2 c6 9. Bd2 Qe7 10. Bd3 Re8 11. dxe5 dxe5 12. Ne4 Nxe4 13. Bxe4 f5 14. Bxf5 gxf5 15. Qxf5 Nf6 16. Qc2 Bg4 17. Ng5 Rad8 18. Bc3 Qd7 19. f3 Qf5 20. Ne4 Nxe4 21. fxe4 Qg6 22. Kh1 Rf8 23. Rxf8+ Rxf8 24. h3 Be6 25. Bb4 Rd8 26. b3 Qg3 27. Re1 c5 28. Bc3 Rf8 29. Qd2 Rf2 30. Qd8+ Bf8 31. Rg1 Qxe3 32. Bxe5 Qxe4 33. Qg5+ Qg6 34. Qh4 Rxa2 35. Qd8 Re2 36. Bd6 Qf5 37. Bxc5 Qxc5 0-1

[Event "ch-Frankfurt A"]
[Site "Frankfurt"]
[Date "2023.04.24"]
[Round "1"]
[White "John, Volkmar"]
[Black "Teschler, Ulrich"]
[Result "0-1"]
[WhiteElo "1632"]
[BlackElo "1966"]
[PlyCount "166"]
[EventDate "2023.04.24"]
[EventType "swiss"]
[EventCountry "GER"]

1. c4 e6 2. g3 d5 3. d4 a6 4. Bg2 Nf6 5. Nf3 dxc4 6. O-O c6 7. Ne5 Be7 8. Nxc4 O-O 9. Nc3 b5 10. Ne5 Bb7 11. a3 Qc8 12. b4 Rd8 13. e3 c5 14. bxc5 Bxg2 15. Kxg2 Bxc5 16. Qf3 Ra7 17. Nxb5 axb5 18. dxc5 Qxc5 19. Bb2 Qd5 20. Rfd1 Qxf3+ 21. Kxf3 Nfd7 22. Nxd7 Nxd7 23. Rd2 Ne5+ 24. Ke2 Rxd2+ 25. Kxd2 Ng4 26. Rc1 f6 27. f3 Nxh2 28. Ke2 e5 29. Rc8+ Kf7 30. Rb8 Ra5 31. Kf2 e4 32. fxe4 Kg6 33. Kg2 Ng4 34. Kf3 h5 35. Rb7 Kh6 36. Rb6 Kg5 37. Bc3 Rxa3 38. Rxb5+ Kg6 39. Bd4 Ra2 40. Rb2 Ra1 41. Rc2 Rf1+ 42. Kg2 Rd1 43. Rb2 Kh6 44. Kf3 g5 45. Rb6 Kg7 46. Rb7+ Kg6 47. Rb6 Rf1+ 48. Kg2 Rf2+ 49. Kg1 Kf7 50. e5 fxe5 51. Bxe5 Re2 52. Bd4 Nxe3 53. Bxe3 Rxe3 54. Kf2 Re6 55. Rb5 Kf6 56. Ra5 Re5 57. Ra2 Kf5 58. Kf3 Rb5 59. Kg2 Rb4 60. Rf2+ Kg4 61. Kh2 Rb3 62. Rg2 Ra3 63. Rb2 Kf3 64. Rc2 g4 65. Rb2 Re3 66. Rb5 Re2+ 67. Kg1 Kxg3 68. Kf1 Rf2+ 69. Kg1 Ra2 70. Rb1 Kh3 71. Rc1 g3 72. Rb1 h4 73. Rc1 Kg4 74. Rc4+ Kg5 75. Rc5+ Kf6 76. Rh5 Rh2 77. Rh8 Kf5 78. Rg8 Kf4 79. Rg7 Ra2 80. Rf7+ Kg4 81. Rf1 h3 82. Rb1 h2+ 83. Kh1 Kh3 0-1

[Event "ch-Frankfurt A"]
[Site "Frankfurt"]
[Date "2023.04.24"]
[Round "1"]
[White "Klamser, Dietmar"]
[Black "Rondonuwu, Grover"]
[Result "1/2-1/2"]
[WhiteElo "1733"]
[BlackElo "2047"]
[PlyCount "97"]
[EventDate "2023.04.24"]
[EventType "swiss"]
[EventCountry "GER"]

1. e4 c5 2. Nf3 g6 3. d4 cxd4 4. Nxd4 Bg7 5. Be3 Nc6 6. Nc3 Nf6 7. Be2 O-O 8. Qd2 d5 9. Nxc6 bxc6 10. exd5 cxd5 11. Rd1 Bb7 12. Bd4 e6 13. O-O Bc6 14. Rfe1 Re8 15. Bf3 Nd7 16. Bxg7 Kxg7 17. Qe3 Qb6 18. Qxb6 Nxb6 19. b3 Rac8 20. Rd2 Rc7 21. Be2 Bd7 22. Nb5 Bxb5 23. Bxb5 Rec8 24. Bd3 Rc3 25. f4 Nd7 26. Ree2 Nc5 27. Kf1 a5 28. g3 a4 29. b4 Nxd3 30. cxd3 Rb8 31. Rb2 Rxd3 32. Rec2 a3 33. Rb1 Rb5 34. Ke2 Rd4 35. Rb3 Rbxb4 36. Rxa3 h5 37. Rac3 Kf6 38. Kf3 Ra4 39. Rb2 Rdb4 40. Rbc2 Rb1 41. Rd2 Ra1 42. Rcc2 Ra3+ 43. Kg2 g5 44. Rf2 gxf4 45. Rxf4+ Kg6 46. Rff2 d4 47. h3 e5 48. Rc6+ Kg5 49. Rcf6 1/2-1/2

[Event "ch-Frankfurt A"]
[Site "Frankfurt"]
[Date "2023.04.24"]
[Round "1"]
[White "Klingler, Stefan"]
[Black "Biegel, Thomas"]
[Result "0-1"]
[WhiteElo "1578"]
[BlackElo "1965"]
[PlyCount "44"]
[EventDate "2023.04.24"]
[EventType "swiss"]
[EventCountry "GER"]

1. d4 Nf6 2. Bf4 e6 3. e3 c5 4. c3 Nc6 5. Nd2 b6 6. dxc5 Bxc5 7. Ngf3 Bb7 8. b4 Be7 9. Bd3 Nd5 10. Nc4 Nxc3 11. Qd2 d5 12. Nd6+ Bxd6 13. Bxd6 Qxd6 14. a3 d4 15. exd4 Nd5 16. b5 Nce7 17. Ne5 f6 18. Nc4 Qd7 19. Rc1 O-O 20. h4 Nf5 21. h5 Nde7 22. h6 g6 0-1

[Event "ch-Frankfurt A"]
[Site "Frankfurt"]
[Date "2023.04.24"]
[Round "1"]
[White "Lauterbach, Ingrid"]
[Black "Pfeiffer, Florian"]
[Result "1-0"]
[WhiteElo "2004"]
[BlackElo "1791"]
[PlyCount "83"]
[EventDate "2023.04.24"]
[EventType "swiss"]
[EventCountry "GER"]

1. e4 c5 2. Nf3 Nc6 3. d3 e6 4. Nbd2 d5 5. g3 Bd6 6. Bg2 Nf6 7. O-O O-O 8. c3 d4 9. Qc2 e5 10. Nc4 h6 11. Nh4 b5 12. Nxd6 Qxd6 13. f4 Be6 14. Nf5 Bxf5 15. exf5 Rac8 16. a4 b4 17. c4 Rfe8 18. Bd2 e4 19. h3 e3 20. Be1 Ne7 21. g4 g6 22. fxg6 Nxg6 23. Bg3 Kg7 24. Qe2 Rh8 25. Rf3 Rce8 26. f5 Ne5 27. Rf4 Rd8 28. b3 a5 29. Raf1 Rde8 30. h4 h5 31. g5 Nfg4 32. f6+ Kf8 33. Be4 Nf2 34. Bxf2 Nxd3 35. Bxe3 Nxf4 36. Bxf4 Qe6 37. Re1 Rd8 38. Bd5 d3 39. Qxe6 fxe6 40. Rxe6 Rh7 41. Bd6+ Kg8 42. Re8# 1-0

[Event "ch-Frankfurt A"]
[Site "Frankfurt"]
[Date "2023.04.24"]
[Round "1"]
[White "Lopez Fuertes, Victor"]
[Black "Burkart, Lloyd Shang"]
[Result "0-1"]
[WhiteElo "1660"]
[BlackElo "1890"]
[PlyCount "116"]
[EventDate "2023.04.24"]
[EventType "swiss"]
[EventCountry "GER"]

1. e4 c5 2. c3 d5 3. exd5 Qxd5 4. d4 Nf6 5. Nf3 e6 6. Be2 Nc6 7. Be3 cxd4 8. cxd4 Be7 9. Nc3 Qd6 10. O-O O-O 11. a3 Rd8 12. Qc2 b6 13. Nb5 Qd7 14. Rfd1 Bb7 15. Rac1 Rac8 16. Qb1 a6 17. Nc3 Nd5 18. Ne5 Qe8 19. Nxd5 Rxd5 20. Nxc6 Rxc6 21. Rxc6 Bxc6 22. Bf3 Rd6 23. Bxc6 Rxc6 24. Rc1 Qc8 25. Kf1 Bf6 26. Rxc6 Qxc6 27. f3 Qc4+ 28. Ke1 h6 29. Qd1 b5 30. Qd2 Bg5 31. Kf2 Bxe3+ 32. Kxe3 Qf1 33. Ke4 Qb1+ 34. Ke3 Qg1+ 35. Ke4 Qxh2 36. Qc2 Qd6 37. Qc8+ Kh7 38. Ke3 Qb6 39. Qc5 Qb7 40. Qe5 a5 41. Qe4+ Qxe4+ 42. Kxe4 g5 43. d5 exd5+ 44. Kxd5 f5 45. Kc5 g4 46. fxg4 fxg4 47. Kxb5 h5 48. Kxa5 h4 49. b4 h3 50. gxh3 gxh3 51. b5 h2 52. a4 h1=Q 53. b6 Kg7 54. Ka6 Qa8+ 55. Kb5 Kf7 56. a5 Ke7 57. a6 Kd7 58. Kc5 Qxa6 0-1

[Event "ch-Frankfurt A"]
[Site "Frankfurt"]
[Date "2023.04.24"]
[Round "1"]
[White "Mueller, Jens"]
[Black "Bischoff, Ulrich"]
[Result "1/2-1/2"]
[WhiteElo "1413"]
[BlackElo "1964"]
[PlyCount "47"]
[EventDate "2023.04.24"]
[EventType "swiss"]
[EventCountry "GER"]

1. e4 d5 2. exd5 Nf6 3. d4 Nxd5 4. Nf3 g6 5. c4 Nb6 6. Be2 Bg7 7. O-O O-O 8. Nc3 c5 9. Be3 cxd4 10. Bxd4 Nc6 11. Bxg7 Kxg7 12. Rc1 e5 13. c5 Nd7 14. Ne4 Nf6 15. Nd6 Qe7 16. Bc4 Be6 17. Qe2 Bxc4 18. Qxc4 Ne8 19. Ne4 f5 20. Nc3 Nf6 21. Rfd1 Rfd8 22. Ng5 Rxd1+ 23. Rxd1 Nd4 24. Re1 1/2-1/2

[Event "ch-Frankfurt A"]
[Site "Frankfurt"]
[Date "2023.04.24"]
[Round "1"]
[White "Nehmert, Ulrich"]
[Black "Worzelberger, Armin"]
[Result "1-0"]
[WhiteElo "2218"]
[BlackElo "1613"]
[PlyCount "57"]
[EventDate "2023.04.24"]
[EventType "swiss"]
[EventCountry "GER"]

1. d4 d6 2. h4 f5 3. Nc3 Nf6 4. Bg5 Nbd7 5. Nh3 e5 6. h5 Be7 7. h6 g6 8. dxe5 dxe5 9. e3 c6 10. Bc4 b5 11. Bb3 a5 12. a4 b4 13. Nb1 Ba6 14. Nd2 Qb6 15. Bc4 Rd8 16. Qe2 Bb7 17. e4 fxe4 18. Be3 Nc5 19. Ng5 Rd5 20. Ne6 Bc8 21. Bxd5 cxd5 22. Nxc5 Bxc5 23. Bxc5 Qxc5 24. Qb5+ Nd7 25. Nb3 Qa7 26. Qxd5 Rf8 27. O-O-O Qxf2 28. Qxe4 Rf4 29. Qc6 1-0

[Event "ch-Frankfurt A"]
[Site "Frankfurt"]
[Date "2023.04.24"]
[Round "1"]
[White "Orlinski, Wolfgang"]
[Black "Gaertner, Peter"]
[Result "1-0"]
[WhiteElo "1933"]
[BlackElo "1631"]
[PlyCount "59"]
[EventDate "2023.04.24"]
[EventType "swiss"]
[EventCountry "GER"]

1. e4 e5 2. d4 exd4 3. Nf3 d6 4. Nxd4 Nf6 5. Nc3 g6 6. Bg5 Bg7 7. Bc4 c6 8. O-O O-O 9. a4 a5 10. Qd2 Nbd7 11. Rad1 Ne5 12. Bb3 Qc7 13. f4 Ned7 14. f5 Nc5 15. fxg6 Nfxe4 16. gxh7+ Kxh7 17. Nxe4 Nxe4 18. Qf4 Nxg5 19. Qxg5 d5 20. c3 Qd6 21. Bc2+ Kh8 22. Rf4 Kg8 23. Rh4 f5 24. Bxf5 Bxf5 25. Nxf5 Rxf5 26. Qxf5 Qe5 27. Qh7+ Kf8 28. Rf1+ Ke7 29. Rg4 Rh8 30. Rxg7+ 1-0

[Event "ch-Frankfurt A"]
[Site "Frankfurt"]
[Date "2023.04.24"]
[Round "1"]
[White "Philipp, Nils"]
[Black "Mayer, Rolf"]
[Result "1-0"]
[WhiteElo "1885"]
[BlackElo "1555"]
[PlyCount "49"]
[EventDate "2023.04.24"]
[EventType "swiss"]
[EventCountry "GER"]

1. e4 c5 2. Nc3 Nc6 3. f4 g6 4. Nf3 Bg7 5. Bc4 e6 6. O-O Nge7 7. d3 O-O 8. Qe1 d5 9. Bb3 Nd4 10. Nxd4 Bxd4+ 11. Kh1 b6 12. f5 exf5 13. Bg5 f6 14. Bh6 Rf7 15. Nxd5 Nxd5 16. Bxd5 Rb8 17. Bf4 Be5 18. Bxe5 fxe5 19. Bxf7+ Kxf7 20. exf5 gxf5 21. Qxe5 Be6 22. Rae1 Qe8 23. Qc7+ Kg6 24. Rxe6+ Qxe6 25. Qxb8 1-0

[Event "ch-Frankfurt A"]
[Site "Frankfurt"]
[Date "2023.04.24"]
[Round "1"]
[White "Pranitchi, Veaceslav"]
[Black "Manasek, Martin"]
[Result "1-0"]
[WhiteElo "1725"]
[BlackElo "1519"]
[PlyCount "51"]
[EventDate "2023.04.24"]
[EventType "swiss"]
[EventCountry "GER"]

1. d4 d5 2. c4 c6 3. Nf3 Nf6 4. Nc3 g6 5. e3 Bg7 6. Bd3 O-O 7. O-O Re8 8. Ne5 e6 9. f4 dxc4 10. Nxc4 b5 11. Ne5 Bb7 12. Ne4 Nxe4 13. Bxe4 f6 14. Nd3 Na6 15. Bd2 Rc8 16. Rc1 Nb8 17. Nc5 Ba8 18. Qb3 Qe7 19. f5 Kh8 20. Nxe6 Na6 21. Nxg7 Kxg7 22. fxg6 Qxe4 23. Qf7+ Kh6 24. Qxh7+ Kg5 25. h4+ Qxh4 26. e4+ 1-0

[Event "ch-Frankfurt A"]
[Site "Frankfurt"]
[Date "2023.04.24"]
[Round "1"]
[White "Reschke, Thomas"]
[Black "Mayer, Frank"]
[Result "1-0"]
[WhiteElo "2129"]
[BlackElo "2111"]
[PlyCount "39"]
[EventDate "2023.04.24"]
[EventType "swiss"]
[EventCountry "GER"]

1. c4 b6 2. g3 Bb7 3. Nf3 Bxf3 4. exf3 c5 5. d4 cxd4 6. Qxd4 Nc6 7. Qd2 e6 8. Bg2 Nf6 9. Nc3 Rc8 10. b3 Bb4 11. a3 Bxc3 12. Qxc3 d5 13. cxd5 Na5 14. Qe3 Nxd5 15. Qd4 O-O 16. Bb2 e5 17. Qd1 Nc3 18. Qxd8 Rfxd8 19. Rc1 Nxb3 20. Rxc3 1-0